000
00215nam a2200085Ia 4500
008
120527s9999 xx 000 0 und d
100
_a
GOULD, F.
245
_a
Anatomy and physiology for Holistic Therapist
942
_c
BK
999
_c
25745
_d
25745